Inturistskij rynok Rossii: sostojanije i perspektivy.
Zmeny v infraštruktúre odvetvia zahraničnej turistiky v SNŠ. Postupná decentralizácia turizmu. Premena Goskominturistu na holdingovú spoločnosť a niektoré projekty jeho investičnej činnosti. Strata monopolu Inturistu, jeho súčasný kapitál a právny status. Medzinárodné kontakty Inturistu. Prejavy nek...
Gespeichert in:
| 1. Verfasser: | |
|---|---|
| Format: | Buchkapitel |
| Sprache: | Russisch |
| Schlagworte: | |
| Tags: |
Keine Tags, Fügen Sie das erste Tag hinzu!
|
MARC
| LEADER | 00000naa a2200000 4500 | ||
|---|---|---|---|
| 001 | r010446 | ||
| 005 | 20221130113254.7 | ||
| 041 | 0 | |a rus | |
| 044 | |a [SU] | ||
| 245 | 1 | 0 | |a Inturistskij rynok Rossii: sostojanije i perspektivy. |c A. Kazakov |
| 520 | |a Zmeny v infraštruktúre odvetvia zahraničnej turistiky v SNŠ. Postupná decentralizácia turizmu. Premena Goskominturistu na holdingovú spoločnosť a niektoré projekty jeho investičnej činnosti. Strata monopolu Inturistu, jeho súčasný kapitál a právny status. Medzinárodné kontakty Inturistu. Prejavy nekalej konkurencie v oblasti turizmu. | ||
| 610 | 2 | 0 | |a ruch cestovný zahraničný |
| 610 | 2 | 0 | |a Rusko |
| 610 | 2 | 0 | |a Spoločenstvo nezávislých štátov |
| 610 | 2 | 0 | |a Inturist |
| 610 | 2 | 0 | |a demonopolizácia |
| 610 | 2 | 0 | |a spoločnosti holdingové |
| 610 | 2 | 0 | |a súťaž nekalá |
| 100 | 1 | |a Kazakov, A. | |